[Event "CZE-chT2E 1213"]
[Site "Czech Republic"]
[Date "2013.01.06"]
[Round "6.6"]
[White "Mlensky, Dalibor"]
[Black "Kratochvil, Milan"]
[Result "0-1"]
[WhiteElo "2139"]
[BlackElo "2106"]
[PlyCount "88"]
[EventDate "2012.10.14"]
[EventType "team-tourn"]
[EventRounds "11"]
[EventCountry "CZE"]
[SourceTitle "EXT 2016"]
[Source "ChessBase"]
[SourceDate "2015.10.08"]
[SourceVersion "1"]
[SourceVersionDate "2015.10.08"]
[SourceQuality "1"]
[WhiteTeam "Hustopece"]
[BlackTeam "Brno Lokomotiva"]
[WhiteTeamCountry "CZE"]
[BlackTeamCountry "CZE"]

1. e4 e5 2. f4 exf4 3. Bc4 Ne7 4. Nc3 c6 5. Qe2 Ng6 6. Nf3 Bb4 7. h4 d6 8. d4 Bxc3+ 9. bxc3 Bg4 10. Rb1 h5 11. Rxb7 0-0 12. 0-0 Nd7 13. Qf2 Nb6 14. Bb3 Bc8 15. Rxf7 Rxf7 16. Ng5 d5 17. Nxf7 Kxf7 18. Bxf4 Kg8 19. Bg5 Qe8 20. exd5 cxd5 21. Qf3 Bg4 22. Bxd5+ Kh7 23. Qe4 Nxd5 24. Qxd5 Rc8 25. Qb7 Qc6 26. Rf7 Qxb7 27. Rxb7 Nf8 28. Rxa7 Rxc3 29. Bf6 Nd7 30. Bg5 Rxc2 31. Kh2 Rc4 32. Be3 Nf6 33. a4 Bd1 34. Bg5 Rxa4 35. Rb7 Ng4+ 36. Kg3 Rxd4 37. Bc1 Nf6 38. Bb2 Rg4+ 39. Kh3 Nd5 40. g3 Bf3 41. Rf7 Be4 42. Rxg7+ Rxg7 43. Bxg7 Kxg7 44. g4 Bf5 0-1

[Event "CZE-chT2E 1213"]
[Site "Czech Republic"]
[Date "2012.11.18"]
[Round "3.5"]
[White "Loubal, Pavel"]
[Black "Mlensky, Dalibor"]
[Result "0-1"]
[WhiteElo "2013"]
[BlackElo "2139"]
[PlyCount "114"]
[EventDate "2012.10.14"]
[EventType "team-tourn"]
[EventRounds "11"]
[EventCountry "CZE"]
[SourceTitle "EXT 2016"]
[Source "ChessBase"]
[SourceDate "2015.10.08"]
[SourceVersion "1"]
[SourceVersionDate "2015.10.08"]
[SourceQuality "1"]
[WhiteTeam "Adamov"]
[BlackTeam "Hustopece"]
[WhiteTeamCountry "CZE"]
[BlackTeamCountry "CZE"]

1. d4 d6 2. Nf3 Bg4 3. e3 Nd7 4. Be2 e6 5. 0-0 Be7 6. c4 c6 7. e4 Qc7 8. Nc3 Rd8 9. Be3 a6 10. a4 Ngf6 11. Qc2 h6 12. Rac1 Bh5 13. h3 g5 14. Nh2 Bg6 15. Bd3 c5 16. d5 e5 17. Be2 Nh5 18. Bxh5 Bxh5 19. Ne2 Bg6 20. Ng3 Nf6 21. Nf5 Nh5 22. g4 Nf4 23. Bxf4 gxf4 24. Nf3 Kd7 25. Kh2 Rdg8 26. Rg1 Bd8 27. Rb1 Qa5 28. Qb3 b6 29. Ra1 Qb4 30. Qxb4 cxb4 31. b3 Bc7 32. Rg2 h5 33. g5 b5 34. Nd2 Ra8 35. h4 Bb6 36. Kg1 Rhc8 37. Kf1 Bxf5 38. exf5 Bd4 39. Ra2 bxc4 40. Nxc4 Rxc4 41. bxc4 b3 42. Rd2 b2 43. Rd1 f3 44. Rg3 e4 45. g6 Be5 46. Rg1 fxg6 47. fxg6 Bg7 48. Rg5 Rb8 49. Rb1 Rb4 50. Kg1 Rxc4 51. Rxb2 Bxb2 52. g7 Bxg7 53. Rxg7+ Kd8 54. Rg5 Rc1+ 55. Kh2 e3 56. Rg8+ Kd7 57. fxe3 f2 0-1

[Event "CZE-chT2E 1112"]
[Site "Czech Republic"]
[Date "2012.04.22"]
[Round "11.5"]
[White "Dolezel, Jaromir"]
[Black "Mlensky, Dalibor"]
[Result "0-1"]
[WhiteElo "2083"]
[BlackElo "2111"]
[PlyCount "60"]
[EventDate "2011.10.09"]
[EventType "team-tourn"]
[EventRounds "11"]
[EventCountry "CZE"]
[SourceTitle "EXT 2013"]
[Source "ChessBase"]
[SourceDate "2012.11.22"]
[SourceVersion "1"]
[SourceVersionDate "2012.11.22"]
[SourceQuality "1"]
[WhiteTeam "Sumperk"]
[BlackTeam "Hustopece"]
[WhiteTeamCountry "CZE"]
[BlackTeamCountry "CZE"]

1. e4 d5 2. exd5 Qxd5 3. Nc3 Qa5 4. d4 Nf6 5. Nf3 Bg4 6. h3 Bh5 7. g4 Bg6 8. Ne5 e6 9. h4 Bb4 10. Bd2 Nbd7 11. Nc4 Qa6 12. h5 Bxc3 13. Bxc3 Be4 14. Rh3 Bd5 15. Ne5 Qd6 16. Bd3 Nb6 17. Qd2 Nfd7 18. Qg5 Qf8 19. Qf4 f6 20. Nxd7 Kxd7 21. a3 Qd6 22. Qxd6+ cxd6 23. 0-0-0 Ke7 24. Re1 Rac8 25. Rhe3 Kf7 26. Bb4 Nc4 27. Bxc4 Rxc4 28. Bxd6 Rxd4 29. Rc3 Bc6 30. f3 Rxd6 0-1

[Event "CZE-chT2E 1112"]
[Site "Czech Republic"]
[Date "2012.02.05"]
[Round "7.6"]
[White "Mlensky, Dalibor"]
[Black "Krca, Milan"]
[Result "1-0"]
[WhiteElo "2111"]
[BlackElo "2043"]
[PlyCount "43"]
[EventDate "2011.10.09"]
[EventType "team-tourn"]
[EventRounds "11"]
[EventCountry "CZE"]
[SourceTitle "EXT 2013"]
[Source "ChessBase"]
[SourceDate "2012.11.22"]
[SourceVersion "1"]
[SourceVersionDate "2012.11.22"]
[SourceQuality "1"]
[WhiteTeam "Hustopece"]
[BlackTeam "Stare Mesto III"]
[WhiteTeamCountry "CZE"]
[BlackTeamCountry "CZE"]

1. e4 Nf6 2. e5 Nd5 3. c4 Nb6 4. c5 Nd5 5. Nc3 e6 6. Qg4 Nc6 7. Nf3 f5 8. exf6 Nxf6 9. Qg5 Qe7 10. d4 Nb4 11. Kd1 d6 12. a3 Nbd5 13. cxd6 cxd6 14. Bd3 Bd7 15. Bd2 0-0-0 16. Rc1 Kb8 17. Re1 h6 18. Qg3 g5 19. Nxd5 Nxd5 20. h4 gxh4 21. Qxh4 Qg7 22. Qxd8+ 1-0

[Event "CZE-chT2E 1011"]
[Site "Czech Republic"]
[Date "2010.11.07"]
[Round "2.3"]
[White "Mlensky, Dalibor"]
[Black "Krcal, Michal"]
[Result "0-1"]
[WhiteElo "2141"]
[BlackElo "2101"]
[PlyCount "118"]
[EventDate "2010.10.17"]
[EventType "team-tourn"]
[EventRounds "11"]
[EventCountry "CZE"]
[SourceTitle "EXT 2012"]
[Source "ChessBase"]
[SourceDate "2011.11.24"]
[SourceVersion "1"]
[SourceVersionDate "2011.11.24"]
[SourceQuality "1"]
[WhiteTeam "Hustopece"]
[BlackTeam "Zlin III"]
[WhiteTeamCountry "CZE"]
[BlackTeamCountry "CZE"]

1. e4 c5 2. c3 d5 3. d3 Nc6 4. Qc2 g6 5. Bg5 Bg7 6. Nd2 Nf6 7. Be2 dxe4 8. dxe4 Qc7 9. Ngf3 0-0 10. 0-0 Nh5 11. Rfe1 Bg4 12. h3 Bd7 13. Be3 b6 14. Bc4 Rad8 15. Rac1 e6 16. Qb1 Na5 17. Bf1 Bc6 18. b4 Nb7 19. b5 Be8 20. a4 f5 21. Bg5 Rd7 22. Bc4 Bf7 23. g4 fxg4 24. hxg4 Nf4 25. Bf1 h6 26. Bh4 e5 27. Nc4 Be6 28. Nh2 Rdf7 29. Ne3 Bf6 30. Bg3 Bg5 31. c4 h5 32. Nf3 Nh3+ 33. Bxh3 Rxf3 34. Nd5 Qf7 35. Bg2 h4 36. Bxe5 Rxf2 37. Rc2 Bxg4 38. Rf1 Rxf1+ 39. Qxf1 Qe6 40. Qa1 h3 41. Bh1 Be2 42. Qc3 Rf1+ 43. Kh2 Rf2+ 44. Kg1 Qf7 45. Qxh3 Rf1+ 46. Kh2 Qf2+ 47. Bg2 Qg1+ 48. Kg3 Rf3+ 49. Kg4 Rxh3+ 50. Kxh3 Qf2 51. Kh2 Qh4+ 52. Kg1 Bd3 53. Rc3 Bxe4 54. Bg3 Qg4 55. Kh2 Bxg2 56. Kxg2 Nd6 57. Kh2 Ne4 58. Ra3 Bh4 59. Be5 Nd2 0-1

[Event "CZE-chT2E 1011"]
[Site "Czech Republic"]
[Date "2010.10.17"]
[Round "1.4"]
[White "Mlensky, Dalibor"]
[Black "Sykora, Jan"]
[Result "1/2-1/2"]
[WhiteElo "2141"]
[BlackElo "2120"]
[PlyCount "57"]
[EventDate "2010.10.17"]
[EventType "team-tourn"]
[EventRounds "11"]
[EventCountry "CZE"]
[SourceTitle "EXT 2012"]
[Source "ChessBase"]
[SourceDate "2011.11.24"]
[SourceVersion "1"]
[SourceVersionDate "2011.11.24"]
[SourceQuality "1"]
[WhiteTeam "Hustopece"]
[BlackTeam "Prostejov"]
[WhiteTeamCountry "CZE"]
[BlackTeamCountry "CZE"]

1. e4 e5 2. f4 exf4 3. Bc4 Nc6 4. d4 Nf6 5. e5 d5 6. Be2 Ne4 7. Bxf4 Be6 8. Nf3 g5 9. Bg3 g4 10. Ng1 Qg5 11. Bb5 Qe3+ 12. Ne2 Bh6 13. Qd3 0-0 14. Qxe3 Bxe3 15. c3 Ne7 16. Bd3 Bf5 17. Bxe4 Bxe4 18. Bf2 Bg5 19. h4 Bh6 20. Ng3 f5 21. exf6 Rxf6 22. Nxe4 dxe4 23. Bg3 Nd5 24. Nd2 Re8 25. Nc4 Nf4 26. Bxf4 Bxf4 27. Ke2 h5 28. Rhf1 Kg7 29. Ne3 1/2-1/2

[Event "CZE-chT2E 0910"]
[Site "Czech Republic"]
[Date "2010.04.18"]
[Round "11.5"]
[White "Vavruska, Antonin"]
[Black "Mlensky, Dalibor"]
[Result "0-1"]
[WhiteElo "2133"]
[BlackElo "2132"]
[PlyCount "96"]
[EventDate "2009.10.18"]
[EventType "team-tourn"]
[EventRounds "11"]
[EventCountry "CZE"]
[SourceTitle "EXT 2012"]
[Source "ChessBase"]
[SourceDate "2011.11.24"]
[SourceVersion "1"]
[SourceVersionDate "2011.11.24"]
[SourceQuality "1"]
[WhiteTeam "Stare Mesto II"]
[BlackTeam "Hustopece"]
[WhiteTeamCountry "CZE"]
[BlackTeamCountry "CZE"]

1. d4 d5 2. Nc3 Bf5 3. f3 Nf6 4. Bg5 Nbd7 5. Nxd5 Nxd5 6. e4 h6 7. Bh4 N7f6 8. exf5 Ne3 9. Qd3 Qxd4 10. Qxd4 Nxc2+ 11. Kf2 Nxd4 12. g4 e6 13. Rc1 0-0-0 14. fxe6 g5 15. Bg3 Nxe6 16. Bc4 Bc5+ 17. Kf1 Nd5 18. Bb3 Bd4 19. Nh3 Bxb2 20. Rb1 Bd4 21. Nf2 h5 22. Ne4 hxg4 23. Bxd5 Rxd5 24. fxg4 f5 25. gxf5 Rxf5+ 26. Ke2 Ra5 27. Rhf1 Rxa2+ 28. Kf3 Ra4 29. Rfc1 b6 30. Rc6 Kd7 31. Rbc1 Rf8+ 32. Kg2 Ra2+ 33. Kh3 Bc5 34. Nxc5+ bxc5 35. R6xc5 Nxc5 36. Rxc5 Rg8 37. Rxc7+ Ke6 38. Rc6+ Kf5 39. Rc5+ Kg6 40. Kg4 Ra4+ 41. Kf3 Re8 42. Rc6+ Kh5 43. Rc2 Ra3+ 44. Kg2 Re4 45. Rb2 a5 46. Rc2 a4 47. Kf2 Kg4 48. Kg2 Rb3 0-1

[Event "CZE-chT2E 0910"]
[Site "Czech Republic"]
[Date "2009.11.22"]
[Round "3.4"]
[White "Mlensky, Dalibor"]
[Black "Dvorak, Martin"]
[Result "0-1"]
[WhiteElo "2132"]
[BlackElo "2093"]
[PlyCount "70"]
[EventDate "2009.10.18"]
[EventType "team-tourn"]
[EventRounds "11"]
[EventCountry "CZE"]
[SourceTitle "EXT 2012"]
[Source "ChessBase"]
[SourceDate "2011.11.24"]
[SourceVersion "1"]
[SourceVersionDate "2011.11.24"]
[SourceQuality "1"]
[WhiteTeam "Hustopece"]
[BlackTeam "Holesov"]
[WhiteTeamCountry "CZE"]
[BlackTeamCountry "CZE"]

1. e4 c5 2. Nc3 Nc6 3. g4 e5 4. Bg2 Nge7 5. d3 Ng6 6. Nd5 Be7 7. Be3 d6 8. f3 0-0 9. h3 Nh4 10. Bf1 Bg5 11. Qd2 h6 12. 0-0-0 b5 13. f4 exf4 14. Bxf4 Be6 15. Kb1 Rb8 16. Qh2 Bxf4 17. Qxf4 b4 18. c4 Nd4 19. Rh2 Bxd5 20. cxd5 Qa5 21. Rf2 Rb6 22. Ne2 Ra6 23. Nc1 Ng6 24. Qg3 b3 25. a3 Qa4 26. Ne2 Nb5 27. Kc1 Rb8 28. d4 cxd4 29. Nxd4 Rc8+ 30. Nc6 Raxc6+ 31. dxc6 Rxc6+ 32. Kb1 Nd4 33. Rfd2 Nc2 34. Qd3 Ne5 35. Qb5 Qxe4 0-1